000
00252nam a22001217a 4500
008
230620b xxu||||| |||| 00| 0 eng d
082
_a
327
_b
DIP
100
_c
DIP
245
_a
Diplomatic History
260
_c
2006
300
_a
167p
942
_2
ddc
_c
BK
999
_c
1843
_d
1843